000
00294nam a22001337a 4500
008
210518b ||||| |||| 00| 0 eng d
041
_a
eng
080
_a
572
082
_a
572
100
_a
24
101
_a
ANT
245
_a
The History of Ethnological Theory
_c
Lowie,R.H
942
_2
udc
_c
BK
999
_c
57430
_d
57430